000 00972nam a22002537a 4500
999 _c77087
_d77087
005 20220803105902.0
010 _aENG-107797
020 _a9789382536017
_c190.00
035 _aEN-91330
035 _aB-534542-553
035 _aB-667852
037 _bDBAD/PUB
_adpl
037 _bStar Pub.
_adpl
082 _aN
100 _aGopichand
245 _aUsha Rani a tale of sense and sensuality /
_cby Gopichand; translation of the Telugu novel Merupula Marakalu and afterword by D.S. Rao
260 _aNew Delhi
_bLiFi Publications Pvt. Ltd.
_c2013
270 _a211, 2nd Floor, Gagandeep 12, Rajendra Place
_bNew Delhi
_e110008
300 _a183p.
_c18cm(pbk)
700 _aRao, D.S.
942 _2ddc
_cEN
_mGOP
_hN